| 000 | 01060nam2a2200217 4500 | ||
|---|---|---|---|
| 001 | rc\2833320 | ||
| 005 | 20260315045339.0 | ||
| 035 | _a(NLR Aleph) 006991182 | ||
| 090 |
_a13572713 _c13572713 |
||
| 100 | _a20110628d1930 u y0rusy50 ca | ||
| 101 | 0 | _arus | |
| 102 | _aRU | ||
| 105 | _ay z ||||| | ||
| 200 | 0 | _aЗадание 11 | |
| 210 | _d1930 | ||
| 461 | 0 |
_1001rc\2833319 _12001#$aЭлементарная математика$eЗадание 11-$fИн-т заоч. массового с.-х. обуч. Наркомзема СССР. II ступень$vЗадание 11 _95627926 _aИнститут заочного сельско-хозяйственного образования (Москва) _cМосква _d1930 _fИн-т заоч. массового с.-х. обуч. Наркомзема СССР. II ступень _nНовый агроном _oЗадание 11- _tЭлементарная математика _vЗадание 11 |
|
| 801 | 0 |
_aRU _bNLR _gpsbo |
|
| 801 | 1 |
_aRU _bELAR _2rusmarc |
|
| 852 |
_aNLR _j34-17/372 |
||
| 942 | _cUNSPEC | ||
| 980 | _aNB | ||